000 00920nam a2200253 a 4500
001 BRCA_5251
005 20190320205013.0
008 301110s1950----gw-a######---#000-0#ger-#
041 _ager
044 _agw
050 4 _aND649
_b.H65 1950
245 1 0 _aHoländische Impressionisten.
260 _a[Dusseldorf, Alemania]
_b[Dusseldorf]
_c1950
300 _a24 p.
_bil. (algunas a color), 7 láminas
_c21 cm.
500 _aCatálogo de la exposición realizada en Haagsche, Amsterdam en el Museo Leighaben, holändischem de octubre / noviembre de 1950
500 _aAl frente una fotografía a color de Jacob Maris Olskizze de Gemeentemuseums en La Haya
500 _aE70
650 1 4 _aImpresionismo (Arte)
_vExposiciones
_zHolanda
_913454
650 1 4 _aPintores holandeses
_913455
650 1 4 _aGalerías y museos
_zHolanda
_97615
710 2 _aGemeentemuseums (La Haya)
_913456
902 _aGFM
942 _2lcc
_cB
999 _c4945
_d4945